000 00635nam a2200241Ia 4500
003 OSt
005 20220918175034.0
006 a|||||r|||| 00| 0
007 ta
008 220917b |||||||| |||| 00| 0 eng d
024 _a15,328
037 _cTextual
040 _aARTS
_cARTS
_beng
041 _2eng
_aeng
082 _aO111:gM, L5
100 _aSaid Edward W.
_919444
245 0 _aBeginnings intention and method
260 _aNew York
_bBasic Books
_c1975
300 _axviii,413p.
_ccm.
650 _aENGLISH LITERATURE
942 _hO111:gM, L5
_cTEXL
_2CC
999 _c155739
_d155739